| 000 | 00610nam a22002177a 4500 | ||
|---|---|---|---|
| 999 |
_c2700 _d2700 |
||
| 003 | OSt | ||
| 005 | 20210716093150.0 | ||
| 008 | 210716b ||||| |||| 00| 0 eng d | ||
| 020 | _a 9781118024492 | ||
| 020 | _a1118024494 | ||
| 040 | _cALUPE UNIVERSITY | ||
| 050 |
_aHF563 _b.F44 2012 |
||
| 100 | _a Paul D Kimmel | ||
| 245 |
_aFinancial accounting _b tools for business decision-making. |
||
| 250 | _a 5th Canadian ed. | ||
| 260 |
_a Mississauga, Ont. _bJohn Wiley & Sons Canada, _c©2012 |
||
| 300 | _a829p | ||
| 650 | _2 Accounting - | ||
| 700 | _aJerry j. weygandt | ||
| 942 |
_2lcc _cBK _nDO |
||